[Event "II Festival Civitanova Mare A"]
[Site "Civitanova Marche ITA"]
[Date "2012.07.24"]
[Round "3"]
[White "Stella, Andrea"]
[Black "Bruno, Fabio"]
[WhiteElo "2442"]
[BlackElo "2423"]
[Result "1/2-1/2"]
[PlyCount "80"]
[EventDate "2012.07.22"]

1. Nf3 d5 2. c4 c6 3. g3 Nf6 4. Bg2 dxc4 5. O-O Nbd7 6. Qc2 Nb6 7. a4 a5 8. Na3
Qd5 9. Ne1 Bf5 10. Bxd5 Bxc2 11. Bxc6+ bxc6 12. Nexc2 e6 13. Ne3 Bxa3 14. Rxa3
Nfd5 15. b3 cxb3 16. Nxd5 Nxd5 17. Rxb3 Kd7 18. Rb7+ Nc7 19. Bb2 f6 20. Bc3
Rhc8 21. Rc1 Kd6 22. Rcb1 h5 23. Bb2 e5 24. Ba3+ Ke6 25. R1b6 Nd5 26. e4 Nb4
27. Rxg7 Rab8 28. Ra6 Rd8 29. Rxa5 Rd3 30. Bxb4 Rxb4 31. Rc5 Kd6 32. Rc3 Rxc3
33. dxc3 Rxa4 34. g4 Rxe4 35. gxh5 Rh4 36. Rh7 Ke6 37. Kg2 Kf5 38. Rc7 Rxh5 39.
Rxc6 Rg5+ 40. Kf3 Rh5 1/2-1/2